[Event "ARG-ch 85th"]
[Site "Buenos Aires"]
[Date "2010.07.06"]
[Round "2"]
[White "Sanhueza, Cristian"]
[Black "Dos Santos, Ramiro"]
[Result "0-1"]
[WhiteElo "2199"]
[BlackElo "2442"]
[PlyCount "108"]
[EventDate "2010.07.05"]
[EventType "swiss"]
[EventRounds "11"]
[EventCountry "ARG"]
[SourceTitle "CBM 137 Extra"]
[Source "ChessBase"]
[SourceDate "2010.09.01"]
[SourceVersion "1"]
[SourceVersionDate "2010.09.01"]
[SourceQuality "1"]

1. e4 c5 2. Nf3 Nc6 3. d4 cxd4 4. Nxd4 Nf6 5. Nc3 d6 6. Bg5 e6 7. Qd2 a6 8. 0-0-0 h6 9. Bh4 Nxe4 10. Qf4 Ng5 11. Nxc6 bxc6 12. Ne4 d5 13. Bxg5 hxg5 14. Nxg5 Qf6 15. Qg3 e5 16. Be2 Bd6 17. Kb1 Rb8 18. b3 Bf5 19. h4 e4 20. Qe3 0-0 21. g4 Bd7 22. Nxe4 dxe4 23. g5 Qe7 24. Qd4 Be5 25. Qxe4 Rfe8 26. f4 Bc7 27. Qxe7 Rxe7 28. Bxa6 Bxf4 29. Rhf1 Be5 30. Bc4 Be6 31. Bxe6 Rxe6 32. Rd7 Rbe8 33. Rf3 R6e7 34. Rxe7 Rxe7 35. c4 Rd7 36. Kc2 Kf8 37. h5 Ke7 38. h6 gxh6 39. gxh6 Ke6 40. Rh3 f5 41. h7 Bh8 42. b4 f4 43. a4 Kf5 44. b5 cxb5 45. cxb5 Kg4 46. Rh1 f3 47. b6 f2 48. a5 Rxh7 49. Rd1 Rd7 50. Rb1 Bd4 51. Kb3 Re7 52. Rf1 Re1 53. Rxf2 Bxf2 54. Kc4 Rb1 0-1

[Event "Buenos Aires Benko Memorial"]
[Site "Buenos Aires"]
[Date "2010.03.14"]
[Round "8"]
[White "Dos Santos, Ramiro"]
[Black "Perelman, Hernan"]
[Result "1/2-1/2"]
[WhiteElo "2436"]
[BlackElo "2312"]
[PlyCount "28"]
[EventDate "2010.03.08"]
[EventType "tourn"]
[EventRounds "9"]
[EventCountry "ARG"]
[EventCategory "4"]
[SourceTitle "CBM 135 Extra"]
[Source "ChessBase"]
[SourceDate "2010.05.04"]
[SourceVersion "1"]
[SourceVersionDate "2010.05.04"]
[SourceQuality "1"]

1. e4 d6 2. d4 Nf6 3. Nc3 e5 4. Nf3 Nbd7 5. Bc4 Be7 6. 0-0 0-0 7. Re1 c6 8. a4 a5 9. Ba2 h6 10. Nh4 Nxe4 11. Nxe4 Bxh4 12. dxe5 d5 13. Ng3 Re8 14. Qh5 g6 1/2-1/2

[Event "American Continental 06th"]
[Site "Sao Paulo"]
[Date "2009.07.30"]
[Round "7"]
[White "Dos Santos, Ramiro"]
[Black "Espinoza Palomino, Willyam"]
[Result "1-0"]
[WhiteElo "2438"]
[BlackElo "2272"]
[PlyCount "95"]
[EventDate "2009.07.25"]
[EventType "swiss"]
[EventRounds "11"]
[EventCountry "BRA"]
[SourceTitle "EXT 2022"]
[Source "ChessBase"]
[SourceDate "2021.10.06"]
[SourceVersion "1"]
[SourceVersionDate "2021.10.06"]
[SourceQuality "1"]

1. e4 e5 2. Nf3 Nc6 3. Bb5 a6 4. Ba4 Nf6 5. 0-0 Be7 6. Re1 b5 7. Bb3 d6 8. c3 0-0 9. h3 Na5 10. Bc2 c5 11. d4 Qc7 12. Nbd2 cxd4 13. cxd4 Nc6 14. a3 Bd7 15. Nb3 a5 16. d5 Nb8 17. Bd2 a4 18. Nc1 Rc8 19. Bc3 Na6 20. Nd3 Bd8 21. Rc1 Qa7 22. Qd2 Bb6 23. Re2 Nc5 24. Nb4 Nh5 25. Kh2 Nf4 26. Ree1 Re8 27. Ng1 Nb7 28. g3 Ng6 29. Rf1 Na5 30. Qe2 Rec8 31. Nf3 f6 32. Nd2 Bd4 33. Nb1 Nh8 34. Bxd4 Qxd4 35. Nc3 Nc4 36. Nc6 Bxc6 37. dxc6 Nxb2 38. Nxb5 Qc4 39. Qxc4+ Nxc4 40. Bd3 Nd2 41. Rfd1 Nf3+ 42. Kg2 Nd4 43. Bc4+ Kf8 44. Rxd4 exd4 45. Be6 Rcb8 46. Nxd4 Ke7 47. c7 Rc8 48. Bd5 1-0

[Event "American Continental 06th"]
[Site "Sao Paulo"]
[Date "2009.07.29"]
[Round "6"]
[White "D'Israel, Davy Maurice"]
[Black "Dos Santos, Ramiro"]
[Result "0-1"]
[WhiteElo "2240"]
[BlackElo "2438"]
[PlyCount "40"]
[EventDate "2009.07.25"]
[EventType "swiss"]
[EventRounds "11"]
[EventCountry "BRA"]
[SourceTitle "EXT 2022"]
[Source "ChessBase"]
[SourceDate "2021.10.06"]
[SourceVersion "1"]
[SourceVersionDate "2021.10.06"]
[SourceQuality "1"]

1. d4 Nf6 2. c4 g6 3. Nc3 d5 4. Bg5 Ne4 5. Nxe4 dxe4 6. Qd2 Bg7 7. e3 c5 8. Ne2 0-0 9. 0-0-0 Nc6 10. d5 Nb4 11. Nc3 Bg4 12. Nxe4 Nxa2+ 13. Kb1 Bxd1 14. Kxa2 Qb6 15. Nc3 Bb3+ 16. Kb1 Rfe8 17. Nb5 a6 18. Na3 h6 19. Bf4 e6 20. e4 exd5 0-1

[Event "ARG-chT"]
[Site "Buenos Aires"]
[Date "2009.05.16"]
[Round "3"]
[White "Dos Santos, Ramiro"]
[Black "Garcia, Raimundo"]
[Result "1-0"]
[WhiteElo "2441"]
[BlackElo "2348"]
[PlyCount "81"]
[EventDate "2009.05.02"]
[EventType "team-tourn"]
[EventRounds "9"]
[EventCountry "ARG"]
[SourceTitle "EXT 2010"]
[Source "ChessBase"]
[SourceDate "2010.11.25"]
[SourceVersion "1"]
[SourceVersionDate "2010.11.25"]
[SourceQuality "1"]

1. e4 c5 2. Nf3 e6 3. d4 cxd4 4. Nxd4 a6 5. Nc3 b5 6. Bd3 Qb6 7. Nb3 Qc7 8. 0-0 Nc6 9. Qe2 Nf6 10. f4 d6 11. Bd2 Be7 12. Rae1 Bb7 13. Kh1 h5 14. a4 bxa4 15. Nxa4 h4 16. Kg1 h3 17. g3 Nd7 18. Be3 Nb4 19. f5 e5 20. c4 Rc8 21. Nd2 Qd8 22. Nf3 Nf6 23. Bb6 Qd7 24. b3 Qc6 25. Bb1 Nd7 26. Be3 a5 27. Nc3 Nc5 28. Qd1 Ba6 29. Rf2 Qb7 30. Rd2 Qc7 31. Nd5 Nxd5 32. exd5 Rb8 33. Nxe5 dxe5 34. d6 Qc6 35. dxe7 f6 36. Rd5 Nxb3 37. Be4 Qc7 38. Rd8+ Kxe7 39. Rxh8 Nc5 40. Qd5 Nxe4 41. Qe6# 1-0

[Event "Buenos Aires CC Argentino"]
[Site "Buenos Aires"]
[Date "2008.10.08"]
[Round "8"]
[White "Liascovich, Lucas Agustin"]
[Black "Dos Santos, Ramiro"]
[Result "1/2-1/2"]
[WhiteElo "2435"]
[BlackElo "2435"]
[PlyCount "161"]
[EventDate "2008.09.29"]
[EventType "tourn"]
[EventRounds "9"]
[EventCountry "ARG"]
[EventCategory "9"]
[SourceTitle "CBM 126 Extra"]
[Source "ChessBase"]
[SourceDate "2008.11.05"]
[SourceVersion "1"]
[SourceVersionDate "2008.11.05"]
[SourceQuality "1"]

1. d4 d5 2. c4 dxc4 3. Nf3 Nf6 4. Qa4+ c6 5. Qxc4 Bf5 6. g3 Nbd7 7. Bg2 e6 8. 0-0 Be7 9. Nbd2 0-0 10. Qb3 Nb6 11. Re1 h6 12. e4 Bh7 13. e5 Nfd5 14. Ne4 Nb4 15. Qd1 c5 16. a3 Na6 17. Nd6 Bxd6 18. exd6 Qxd6 19. Bf4 Qd8 20. dxc5 Nxc5 21. Bd6 Nd3 22. Bxf8 Nxe1 23. Nxe1 Qxf8 24. Bxb7 Rd8 25. Qe2 Qd6 26. b4 Qc7 27. Bf3 Qc3 28. Rd1 Rxd1 29. Qxd1 Bg6 30. h4 Nd5 31. h5 Bf5 32. g4 Bh7 33. b5 g5 34. hxg6 Bxg6 35. a4 Nf4 36. Bg2 h5 37. gxh5 Bxh5 38. Qd8+ Kh7 39. Be4+ f5 40. Qe7+ Kg6 41. Qe8+ Kg7 42. Qe7+ Bf7 43. Ng2 fxe4 44. Nxf4 Qc1+ 45. Kg2 Qxf4 46. Qxa7 Kf6 47. Qd4+ e5 48. Qd6+ Kg5 49. Qd8+ Qf6 50. Qd2+ Kg6 51. a5 Bc4 52. b6 Ba6 53. Qd7 Qg5+ 54. Kh2 Qh4+ 55. Kg2 Qg5+ 56. Kh2 e3 57. Qe8+ Kf5 58. Qd7+ Ke4 59. Qc6+ Kd3 60. fxe3 Qh4+ 61. Kg1 Qg3+ 62. Kh1 Qh4+ 63. Kg1 Qg3+ 64. Kh1 Qh3+ 65. Kg1 Qxe3+ 66. Kh2 Kd2 67. b7 Qf4+ 68. Kh1 Qf1+ 69. Kh2 Qf4+ 70. Kh1 Qh4+ 71. Kg1 Qe1+ 72. Kh2 Qh4+ 73. Kg1 Qg5+ 74. Kh2 Qh5+ 75. Kg1 Qd1+ 76. Kh2 Qe2+ 77. Kg1 Qf1+ 78. Kh2 Qf2+ 79. Kh1 Qe1+ 80. Kh2 Qf2+ 81. Kh1 1/2-1/2

[Event "Buenos Aires CC Argentino"]
[Site "Buenos Aires"]
[Date "2008.10.07"]
[Round "7"]
[White "Dos Santos, Ramiro"]
[Black "Contin, Daniel"]
[Result "1-0"]
[WhiteElo "2435"]
[BlackElo "2304"]
[PlyCount "111"]
[EventDate "2008.09.29"]
[EventType "tourn"]
[EventRounds "9"]
[EventCountry "ARG"]
[EventCategory "9"]
[SourceTitle "CBM 126 Extra"]
[Source "ChessBase"]
[SourceDate "2008.11.05"]
[SourceVersion "1"]
[SourceVersionDate "2008.11.05"]
[SourceQuality "1"]

1. e4 e6 2. d4 d5 3. Nc3 Bb4 4. e5 c5 5. a3 Bxc3+ 6. bxc3 Ne7 7. Qg4 0-0 8. Bd3 f5 9. exf6 Rxf6 10. Bg5 Rf7 11. Qh5 g6 12. Qd1 Nbc6 13. Nf3 Qf8 14. 0-0 c4 15. Be2 h6 16. Bc1 Qg7 17. a4 Bd7 18. Ba3 g5 19. Re1 Ng6 20. Bf1 Qf6 21. h3 Nf4 22. Re3 Kh7 23. Nh2 Rg8 24. Ng4 Qg7 25. Bd6 h5 26. Ne5 Nxe5 27. Rxe5 Qh6 28. Re3 h4 29. Be5 Rgf8 30. a5 Ng6 31. Bd6 Rxf2 32. Bxf8 Rxf8 33. Rb1 Bc8 34. Rf3 Nf4 35. Rf2 Qf6 36. Qe1 Kh6 37. Be2 e5 38. dxe5 Qxe5 39. Bg4 Qc7 40. Bxc8 Rxc8 41. Rxf4 gxf4 42. Qxh4+ Kg6 43. Qg4+ Kf6 44. Re1 Qc5+ 45. Kh1 Rc6 46. Qxf4+ Kg7 47. Qg4+ Rg6 48. Qd7+ Kh6 49. Re7 Qd6 50. Rh7+ Kg5 51. Qg4+ Kf6 52. Qf3+ Ke5 53. Rh5+ Ke6 54. Qf5+ Ke7 55. Rh7+ Kd8 56. Qf7 1-0